Online Catalogue and eLibrary

The philosophy oflmmanuel kant : (Record no. 693)

MARC details
000 -LEADER
fixed length control field 00490nam a2200169Ia 4500
005 - DATE AND TIME OF LATEST TRANSACTION
control field 20240701070644.0
008 - FIXED-LENGTH DATA ELEMENTS--GENERAL INFORMATION
fixed length control field 240331s9999 xx 000 0 und d
020 ## - INTERNATIONAL STANDARD BOOK NUMBER
ISBN 0813206073
082 ## - DDC Classification
Class No. 100
Item Number - Author Mark PHI
245 #4 - TITLE STATEMENT
Title The philosophy oflmmanuel kant :
Remainder of title studies in Philosophy and the History of Philosophy
260 ## - PUBLICATION, DISTRIBUTION, ETC.
Place of publication, distribution, etc. America
Name of publisher, distributor, etc. The Catholic University of America press
Date of publication, distribution, etc. 1985
300 ## - PHYSICAL DESCRIPTION
Extent (e.g. Volumes, Pages etc.) 256 p .,
650 ## - SUBJECT ADDED ENTRY--TOPICAL TERM
Topical term or geographic name entry element philosophy
650 ## - SUBJECT ADDED ENTRY--TOPICAL TERM
Topical term or geographic name entry element history
700 ## - ADDED ENTRY--PERSONAL NAME
Personal name Kennington, R.
Relator term (Role) Editor
942 ## - Koha item type (Biblio)
Koha item type Books in Stacks (Lending)
Holdings
Lost status Damaged status Collection code Home library Current library Shelving location Date acquired Full call number Accession Number Item type
    Lending WERC Library WERC Library Social Science Cupboard 03/31/2024 100 PHI 1172 Books in Stacks (Lending)

© WERC Library